01193 a2200181 45000010006000000050017000060080041000230030015000640400040000790800035001192450036001540200022001902640055002123000024002675050556002911000020008478560144008671312120260407155441.0260407a1993 arg spa dAR-UNSa-BCEJYS aAR-UNSa-BCEJYSbspacAR-UNSa-BCEJYS a330.4xEconomía matemática10aAnalytical methods in economics a978-0-472-10162-7 1aMichigan :bThe University of Michigan Pressc1993 axix, 672 p.c23 cm. a1. Some basic matthematics - 2. Nonlinear progamming - 3. Sensitivity analysis and elements of microeconomics - 4. Other topics in microeconomic theory - 5. Economics of uncertainty - 6. Elements of differential equations and economic applications - 7. Linear differential equations on the plane and elements of nonlinear systems - 8. Macroequilibrium and Neoclassical Growth models - 9. Elements of optimal control theory and applications - 10. Infinite horizon optimization control problem and applications - 11. Extensions of optimal control themes1 aTakayama, Akira41uhttps://biblioeco.unsa.edu.ar/pmb/images/libros/Analytical methods in economics Takayama, Akira (1993) .jpgyImagen de portadaqimage/jpeg